000 00569nam a2200229Ia 4500
003 OSt
005 20220924150951.0
006 a|||||r|||| 00| 0
007 ta
008 220923b |||||||| |||| 00| 0 ara d
024 _a335388
037 _cTextual
040 _aARTS
_cARTS
_bara
041 _2ara
_aara
082 _aO28:g, J9
100 _aTaimoor Mehmood Au.
_9223308
245 0 _aAl-adabul hadif
260 _c1959
650 _aARABIC LITERATURE
942 _hO28:g, J9
_cTEXL
_2CC
999 _c465116
_d465116